Retórica

Gorde:
Xehetasun bibliografikoak
Egile nagusia: Aristóteles, 384 a.C.- 322 a.C (Egilea)
Formatua: Liburua
Hizkuntza:gaztelania
Argitaratua: Madrid Alianza 1998
Edizioa:1a. ed
Saila:El Libro de Bolsillo. Clásicos de Grecia y Roma
Gaiak:
Etiketak: Etiketa erantsi
Etiketarik gabe, Izan zaitez lehena erregistro honi etiketa jartzen!

MARC

LEADER 00000cam a2200000 a 4500
001 UCN9246
003 CL-VaPUC
008 011130e19980000SP |||||||||||||||||spa|d
020 |a 8420636428 
082 0 4 |a 185  |b ARI  |2 21 
100 |a Aristóteles,  |d 384 a.C.- 322 a.C.  |e author  |9 194 
245 1 0 |a Retórica 
250 |a 1a. ed 
300 |a 316 p 
942 |c BK 
945 |d 20011130 00:00:00  |a cmena 
260 |a Madrid  |b Alianza  |c 1998 
650 0 |a Retórica   |9 266620 
650 0 |a Filosofía antigua   |9 255705 
650 0 |a Filosofía griega  |9 265579 
583 |a last modification  |c 20160704 12:43:43  |k Rodrigo Vera 
490 0 |a El Libro de Bolsillo. Clásicos de Grecia y Roma 
999 |c 298760  |d 298758 
952 |0 0  |1 0  |4 0  |6 185_000000000000000_ARI_1998  |7 0  |8 A  |9 354675  |a FDOPOS  |b FDOPOS  |d 2019-11-21  |i 3780503  |o 185 ARI 1998  |p 3780503  |r 2025-01-22  |w 2019-11-21  |y BK  |k MLA 
952 |0 0  |1 0  |3 erb  |4 0  |6 185_000000000000000_ARI_1998  |7 0  |8 A  |9 354676  |a FDOHBE  |b FDOHBE  |e Huesbe Llanos, Marco Antonio, 1934-  |i 5332281  |o 185 ARI 1998  |p 5332281  |r 2024-01-30  |w 2019-11-21  |y BK  |z Catalogado en:20160708  |k HBE